Statistics for True Detective Quiz

Click here to take the quiz!

General Stats

  • This quiz has been taken 191 times
    (190 since last reset)
  • The average score is 13 of 36

Answer Stats

HintAnswer% Correct
Network?HBO
93%
Actor who plays Det. Hart?Woody Harrelson
82%
First name of Det. Cohle?Rustin
81%
Year that Cohle and Hart split?2002
75%
First name of Det. Hart?Martin
73%
Actor who plays Det. Cohle?Matthew McConaughey
72%
Year of first case?1995
69%
US state location?Louisiana
63%
How did Cohle's daughter die?Car Accident
54%
Name of murder victim?Dora Kelly Lange
47%
Above is found wearing a crown of?Deer Antlers
42%
Cell mate of above?Reggie Ledoux
34%
Name of gang leader?Ginger
33%
Name of murder victim's ex-husband?Charlie Lange
30%
Creater and writer of the show?Nic Pizzolatto
30%
Name of the Reverend?Billy Lee Tuttle
28%
Actress who plays Maggie Hart?Michelle Monaghan
27%
Name of band who perform above song?The Handsome Family
26%
Director of all eight episodes?Cary Joji Fukunaga
25%
Name of opening theme song?Far From Any Road
25%
Name of the East Texas biker gang?The Iron Crusaders
25%
Second girl Hart has an affair with?Beth
20%
Name of episode 8?Form And Void
19%
US city location?New Orleans
19%
Name of episode 1?The Long Bright Dark
19%
Name of Hart's eldest daughter?Audrey
18%
Name of episode 3?The Locked Room
17%
Format of show?Anthology
16%
Name of episode 6?Haunted Houses
13%
Second detective conducting interviews in 2012?Thomas Papania
13%
Name of episode 4?Who Goes There
13%
Name of episode 2?Seeing Things
12%
First girl Hart has an affair with?Lisa
11%
Name of episode 5?The Secret Fate Of All Life
11%
First detective conducting interviews in 2012?Maynard Gilbough
10%
Name of episode 7?After You've Gone
8%

Score Distribution

Percentile by Number Answered

Percent of People with Each Score

Your Score History

You have not taken this quiz since the last reset